|
|
|
|
| LEADER |
01285nam a2200361 4500 |
| 001 |
000023969 |
| 003 |
20422 |
| 005 |
20160525150529.0 |
| 008 |
160525s2010 engsd |
| 020 |
|
|
|a 9780470603369
|
| 041 |
0 |
|
|a eng
|
| 082 |
0 |
0 |
|a 332.10973
|b MC-S
|
| 100 |
1 |
|
|a McCleskey, Scott.
|
| 245 |
1 |
0 |
|a When free markets fail
|b saving the market when it can't save itself
|c Scott McCleskey
|
| 260 |
|
|
|a Hoboken, N.J.
|b Wiley
|c 2010
|
| 300 |
|
|
|a xxvi, 198 p.
|c 24 cm.
|
| 504 |
|
|
|a Includes bibliographical references and index.
|
| 520 |
|
|
|c Provided by publisher.
|c Provided by publisher.
|
| 650 |
|
0 |
|a Financial institutions
|x State supervision
|z United States
|
| 650 |
|
0 |
|a Financial institutions
|x Government policy
|z United States
|
| 653 |
|
|
|a Finance
|
| 700 |
1 |
|
|d 1940-
|d 1950-
|
| 700 |
1 |
|
|d 1950-
|d 1963-
|
| OWN |
|
|
|a LSP
|
| AVA |
|
|
|a UDN50
|b LSP
|d 332.10973 MC-S
|e available
|t Error 5001 Not defined in file expand_doc_bib_avail.
|f 1
|g 0
|h N
|i 0
|k 1
|
| 999 |
|
|
|a From the UDN01
|
| AVA |
|
|
|a UDN50
|b LSP
|d 332.10973 MC-S
|e available
|t Error 5001 Not defined in file expand_doc_bib_avail.
|f 1
|g 0
|h N
|i 0
|k 1
|
| TYP |
|
|
|a Monograph
|
| TYP |
|
|
|a Printed language
|
| 980 |
|
|
|a Mạng thư viện Đại học Đà Nẵng
|